Films de Martin Scorsese par image - Statistiques

Statistiques générales
  • Ce quiz a été pris 12 213 fois
    11 001 depuis la dernière actualisation
  • Le résultat moyen est 7 sur 16
Statistiques - réponses
Par images Réponse % Correct
Le Loup de Wall Street
97%
Taxi Driver
86%
Casino
72%
Shutter Island
72%
Les Affranchis
63%
Raging Bull
50%
Aviator
47%
Les Infiltrés
43%
Killers of the Flower Moon
40%
The Irishman
39%
Gangs of New York
36%
Hugo Cabret
25%
La Dernière Tentation du Christ
15%
Silence
15%
Mean Streets
14%
Les Nerfs à vif
11%
Aucun quiz correspondant
Distribution des résultats
% des personnes avec chaque résultat
Percentile par nombre de réponses
Votre historique - résultats
Vous n’avez pas pris ce quiz depuis la dernière actualisation